000 00786nam a2200193Ia 4500
008 151121s9999||||xx |||||||||||||| ||und||
082 _a781।2/गर्ग
082 _bHNW-58545
100 _aगर्ग लक्ष्मीनारायण -संक।
245 _aसंगीत-निबन्धावली
260 _b"संगीत कार्यालय, हाथरस,उत्तरप्रदेश।"
260 _c--
300 _a218
600 _aगर्ग लक्ष्मीनारायण -संक।
630 _aसंगीत-निबन्धावली
700 _aगर्ग लक्ष्मीनारायण -संक।
730 _aसंगीत-निबन्धावली
942 _cBOOK
999 _c1240359
_d1240356